Experimentos sencillos con animales y plantas /
Guardado en:
| Autor Principal: | |
|---|---|
| Formato: | Libro |
| Publicado: |
España :
Oniro
|
| Series: | El juego de la ciencia ; no. 8
|
| Materias: | |
| Etiquetas: |
Agregar Etiqueta
Sin Etiquetas, Sea el primero en etiquetar este registro!
|
| LEADER | 00654nam a22002175a 4500 | ||
|---|---|---|---|
| 001 | CEM.cems011706 | ||
| 005 | 20070808114904.0 | ||
| 008 | 130507b######################000#0#####d | ||
| 003 | CEMS | ||
| 020 | |a 8497540077 | ||
| 082 | 0 | 4 | |a 574.072 |
| 100 | 1 | |a Vecchione, Glen | |
| 245 | 1 | 0 | |a Experimentos sencillos con animales y plantas / |c Glen Vecchione ; ilustraciones de Horacio Elena |
| 260 | |a España : |b Oniro | ||
| 300 | |a 128 p. | ||
| 490 | 0 | |a El juego de la ciencia ; no. 8 | |
| 653 | |a Experimentos | ||
| 653 | |a Experimentos ciencias naturales | ||
| 653 | |a Plantas | ||
| 653 | |a Animales | ||
| 859 | |a CEMS |b BIB. CEMS - 11 de abril |h 574.072 |i V491 |p 22657.04 |t Ej.1 | ||
